| 000 | 00000nam##2200000za#4500 |
| 001 | 9.638285 |
| 003 | CaOODSP |
| 005 | 20210624221618 |
| 007 | cr ||||||||||| |
| 008 | 150407|2011||||xxc|||||o f|0| 0 fre|d |
| 020 | |a978-1-100-96308-2 |
| 040 | |aCaOODSP|bfre |
| 043 | |an-cn--- |
| 086 | 1 |aHS28-19/2011F-PDF |
| 110 | 1 |aCanada. |bRessources humaines et développement des compétences Canada. |
| 245 | 13|aLe Bon d'études canadien : |h[ressource électronique]|bobtenez 500$ pour l'avenir de votre enfant |
| 260 | |aOttawa - Ontario : |bRessources humaines et Développement des compétences Canada |cc2010. |
| 300 | |a8p.|bphotographies |
| 590 | |a11-17|b2011-04-29 |
| 691 | 07|aFinancement de l'éducation|2gcpds |
| 775 | 08|tCanada Learning Bond : |w(CaOODSP)9.694104 |
| 776 | 0#|tCanada Learning Bond : |w(CaOODSP)9.672639 |
| 776 | 0#|tBon d'études canadien : |w(CaOODSP)9.672640 |
| 794 | |tBon d'études canadien |w(CaOODSP)9.838789 |
| 856 | 40|ahttp://publications.gc.ca|qPDF|s749 Ko|uhttps://publications.gc.ca/collections/collection_2011/rhdcc-hrsdc/HS28-19-2011-fra.pdf |